000 00419cam a22001337a 4500
008 180718b1957 xxu||||| |||| 00| 0 eng d
082 _aO35x73 N213
245 _aTen million and one: neurological disability as a national problem
_cby National Health Council
260 _aNew York
_bHoeber
_c1957
300 _a102p.
650 _aArden House Conference
650 _aNeuroses - USA
700 _aNational Health Council
999 _c480806
_d480806